000 00347nam a2200145Ia 4500
008 191201s2007 xx 000 0 und d
082 _a658.3
_bCUI
100 _aCURRIE, Donald
245 0 _aIntroduction to Human Resource Management
250 _a1st
260 _aN. Delhi
_bPinnacle
_c2007
300 _a316
650 _aMBA
942 _2ddc
_cBK
999 _c4399
_d4399